La pêche en France - Statistiques

Statistiques générales
  • Ce quiz a été pris 208 fois
  • Le résultat moyen est 8 sur 15
Statistiques - réponses
Hint Réponse % Correct
Laquelle de ces deux régions est la plus réputée pour la pêche de la truite: Patagonie ou Ile de France Patagonie
99%
Lequel de ces deux leurres est le meilleur pour la pêche du brochet: cuillère taille 0.5 ou rockvibe 6 pouces Rockvibe
96%
Lequel de ces deux poissons truite/carpe est le plus réputé dans la cuisine ? Truite
82%
Quel est le plus grand poisson d'eau douce d'Europe ? Silure
71%
Quel pays est extrêmement réputé pour la fabrication de leurres de pêche? Japon
67%
De quel pays est originaire la célèbre marque DAIWA? Japon
67%
Comment est appelé la bouée sur laquelle le pêcheur s'assoie dessus et palme pour se déplacer sur un lac/rivière ? Float tube
66%
Quel objet est utilisé par les pêcheurs en bateau pour localiser les poissons ? Sondeur
58%
Dans quel pays a été enregistré le plus gros et long brochet du monde ? Canada
54%
Quelle personnalité française est connue pour ses expéditions à travers le monde et pour son émission "Mordue de la pêche" ? Cyril Chauquet
51%
Quelle la marque de pêche la plus utilisée et reconnue ? Indice: Japon Shimano
33%
Quel est le nom du type de pêche consistant à faire dériver son bouchon et son appât dans la rivière? Pêche au toc
30%
Quel est le créateur de l'émission "River Monster" Jeremy John Wade
22%
Quelle était la taille du plus gros et grand brochet jamais capturé ? 152 cm
10%
Quelle est la plus grande compétition de pêche au monde ? Alabama Deep Sea Fishing Rodeo
1%
Aucun quiz correspondant
Distribution des résultats
% des personnes avec chaque résultat
Percentile par nombre de réponses
Votre historique - résultats
Vous n’avez pas pris ce quiz